Loading...
| History - World | 0 | 3 | 0 | 0 | 30 | 41 | 85.00 | 0 | 2 | 10.97 | 23.27 |
| History - European | 0 | 3 | 1 | 0 | 25 | 39 | 64.67 | 1 | 1 | 13.87 | 21.00 |
| Religion | 0 | 2 | 0 | 0 | 20 | 52 | 73.00 | 0 | 1 | 8.46 | 13.27 |
| Science - Other | 0 | 2 | 0 | 0 | 20 | 75 | 78.50 | 0 | 0 | 5.96 | 8.55 |
| Mythology | 0 | 2 | 1 | 0 | 15 | 85 | 108.00 | 0 | 0 | 3.59 | 11.55 |
| Social Science | 0 | 1 | 0 | 0 | 10 | 57 | 57.00 | 0 | 1 | 4.77 | 8.18 |
| History - American | 0 | 1 | 0 | 0 | 10 | 38 | 38.00 | 0 | 1 | 7.14 | 9.09 |
| Science - Chemistry | 0 | 1 | 0 | 0 | 10 | 46 | 46.00 | 1 | 1 | 5.45 | 9.00 |
| Science - Physics | 0 | 1 | 0 | 0 | 10 | 64 | 64.00 | 0 | 0 | 4.18 | 5.00 |
| Current Events | 0 | 1 | 0 | 0 | 10 | 80 | 80.00 | 0 | 0 | 11.11 | 18.18 |